00532nam a22001817a 4500003000400000020001800004082001600022100002000038245004500058260004000103300000800143650001900151700001800170700001900188942001200207952011400219999001700333SGT a9789358794861 a617.6bV24C aNehmat, Chaddha aVirtual Reality and Haptics in Dentistry aIndiabRed Shine Publicationsc2024 a130 aPeriodontology aMalik, Shagun aBhardwaj, Amit 2ddccBK 00102ddc405171aFDbFDcREFd2024-08-14iSGTUl0o617.6 V24CpFD9350r2024-08-14 00:00:00w2024-08-14yBK c26789d26789